Planeta tierra / (Registro nro. 11177)
[ vista simple ]
| 000 -CABECERA | |
|---|---|
| Longitud fija campo de control | 00850nam a2200229 4500 |
| 003 - • IDENTIFICADOR DELl NÚMERO DE CONTROL | |
| Identificador del número de control | CO-ViMGA |
| 020 ## - • NÚMERO INTERNACIONAL NORMALIZADO PARA LIBROS | |
| Número Internacional Normalizado para Libros (ISBN) | 9789583031830 |
| 040 ## - FUENTE DE LA CATALOGACIÓN | |
| Centro catalogador de origen | CO-ViMGA |
| Lengua de catalogación | spa |
| Centro transcriptor | CO-ViMGA |
| 082 04 - • NÚMERO DE LA CLASIFICACIÓN DECIMAL DEWEY | |
| Número de clasificación (R) | I550 |
| Número del ítem | T19p |
| 100 1# - • PUNTO DE ACCESO PRINCIPAL-NOMBRE DE PERSONA | |
| Nombre de persona | Taylor, Barbara |
| 245 10 - • TITULO PROPIAMENTE DICHO | |
| Título | Planeta tierra / |
| Mención de responsabilidad, etc. | Barbara Taylor ; traductor María José Montoya Durana. - Editor Diana López de Mesa. |
| 300 ## - • DESCRIPCIÓN FÍSICA | |
| Extensión | 48 p. : il. ; |
| Otras características físicas | 28 cm. |
| 490 ## - • MENCIÓN DE SERIE | |
| Mención de serie | (colección navegantes ) |
| 650 14 - • PUNTO DE ACCESO ADICIONAL DE MATERIA - TÉRMINO DE MATERIA | |
| Término de materia o nombre geográfico como elemento inicial | Ciencias de la tierra |
| Subdivisión de materia general | Literatura juvenil |
| 650 14 - • PUNTO DE ACCESO ADICIONAL DE MATERIA - TÉRMINO DE MATERIA | |
| Término de materia o nombre geográfico como elemento inicial | Geografía Física |
| Subdivisión de materia general | Literatura juvenil |
| 650 14 - • PUNTO DE ACCESO ADICIONAL DE MATERIA - TÉRMINO DE MATERIA | |
| Término de materia o nombre geográfico como elemento inicial | Geología |
| Subdivisión de materia general | Literatura juvenil |
| 650 14 - • PUNTO DE ACCESO ADICIONAL DE MATERIA - TÉRMINO DE MATERIA | |
| Término de materia o nombre geográfico como elemento inicial | Tierra |
| Subdivisión de forma | Historia |
| Subdivisión de materia general | Literatura juvenil |
| 700 1# - • PUNTO DE ACCESO ADICIONAL - NOMBRE DE PERSONA | |
| Nombre de persona | López de Mesa, Diana, |
| Término indicativo de función | ed. |
| 700 1# - • PUNTO DE ACCESO ADICIONAL - NOMBRE DE PERSONA | |
| Nombre de persona | Montoya Durana, María José, |
| Término indicativo de función | tr. |
| 942 ## - ENTRADA DE ELEMENTOS AGREGADOS (KOHA) | |
| Fuente de clasificaión o esquema | Dewey Decimal Classification |
| Koha [por defecto] tipo de item | LIbro |
| Perdido | Fuente de clasificación o esquema | Estado Físico | No para préstamo | Forma de adquisición | Localización permanente | Localización actual | Fecha adquisición | Préstamos totales | Signatura completa | Código de barras | Fecha última consulta | Fecha del precio de reemplazo | Tipo de item de Koha | Fecha último préstamo | Serie de enumeración / cronolog&íacute;a | Número de copia | Localización en estanterías | Fuente de adquisición | Calificador de ubicación codificada |
|---|---|---|---|---|---|---|---|---|---|---|---|---|---|---|---|---|---|---|---|
| Dewey Decimal Classification | Sala General | Biblioteca Barrio Emporio - Villavicencio | Biblioteca Barrio Emporio - Villavicencio | 05/16/2017 | I550 T19p | 032066 | 05/16/2017 | 05/16/2017 | LIbro | ||||||||||
| Dewey Decimal Classification | Sala Infantil Segundo Piso | Biblioteca Pública Germán Arciniegas - Villavicencio | Biblioteca Pública Germán Arciniegas - Villavicencio | 05/16/2017 | 1 | I550 T19p | 32966 | 10/21/2022 | 05/16/2017 | LIbro | 10/18/2022 | ||||||||
| Dewey Decimal Classification | Sala Infantil Segundo Piso | Biblioteca Pública Germán Arciniegas - Villavicencio | Biblioteca Pública Germán Arciniegas - Villavicencio | 05/16/2017 | I550 T19p | 32965 | 09/26/2022 | 05/16/2017 | LIbro | ||||||||||
| Dewey Decimal Classification | Sala General Segundo Piso | Biblioteca Pública Germán Arciniegas - Villavicencio | Biblioteca Pública Germán Arciniegas - Villavicencio | 12/04/2015 | 550 T19p | 27849 | 03/16/2018 | 12/04/2015 | LIbro | 12/dic/2014 | Ej. 1 | ||||||||
| Dewey Decimal Classification | Infantil | Biblioteca Pública Rural El Yarí- vereda Playa Rica La Macarena | Biblioteca Pública Rural El Yarí- vereda Playa Rica La Macarena | 11/08/2024 | I550 T19p | BPM'328 | 06/09/2025 | 06/09/2025 | LIbro | Ej.1 | Sala Infantil | ministerio de cultura | BPM'328 |